| 000 | 00834nam a22002897a 4500 | ||
|---|---|---|---|
| 001 | 0074 | ||
| 003 | DO-SdBNP | ||
| 005 | 20180130094417.0 | ||
| 007 | 0074 | ||
| 008 | 151012b mx 2004 xxu||||| |||| 00| 0 spa d | ||
| 020 | _a9789681910082 | ||
| 040 |
_aBPMSU _bspa _cBPMSU |
||
| 092 |
_a833 _bH332b |
||
| 100 |
_aHärtling, Peter _d1933- |
||
| 245 | 1 | 0 |
_aBen quiere a Anna / _cPeter Härtling ; ilustración Sophie Brandes |
| 260 |
_aMadrid : _bAlfaguara, _c1982 |
||
| 300 |
_a91 p. : _c20 cm. |
||
| 490 | _aAlfaguara juvenil | ||
| 650 | _aNOVELA JUVENIL ALEMANA | ||
| 650 | _aLITERATURA ALEMANA | ||
| 700 | 1 | 0 |
_a Brandez, Sophie _eil. |
| 830 | 0 | 0 | _aAlfaguara juvenil |
| 910 | _aValidado. Control de calidad MFF | ||
| 942 |
_2ddc _cBK |
||
| 945 | _aInventariado, 2018 / BT | ||
| 956 |
_aBTAVAREZ _b10 _d20180130 _fBPMSU _h0038 |
||
| 999 |
_c8364 _d8364 |
||